| 000 | 00578nam a22002057a 4500 | ||
|---|---|---|---|
| 005 | 20170124110247.0 | ||
| 010 | _a380179 | ||
| 020 | _c00.00 | ||
| 035 | _a380179 | ||
| 037 | _bCen Lib/Ret | ||
| 040 |
_aDPL _bEN |
||
| 082 |
_a921 _bBUS |
||
| 100 |
_aBush, Doughals _997889 |
||
| 245 |
_aJohn Milton : _ba sketch of his life and writings / _cby Doughlas Bush |
||
| 260 | _bThe Macmillan Comapany | ||
| 300 |
_a224p. _c19cm(Hb) |
||
| 650 |
_aLiterature -- biography _997890 |
||
| 650 |
_aEnglish -- biography _997891 |
||
| 942 |
_2ddc _cEN _h921 _mBUS |
||
| 999 |
_c135635 _d135635 |
||